01162nam a2200349 a 450000100060000000300080000600500170001400800410003102000240007202000180009603500190011404000370013304100080017008200290017824500730020726000420028030000340032233600260035633700280038233800270041049000300043750400640046765000340053165000310056565000340059665000360063065000310066665000300069770000200072771000160074783000490076385720BD-RjUL20250916105120.0250916s2009 dcua b i001 0 eng  a9780821379820qpbk. a9780821379837 a(BD-RjUL)85720 aDNLM/DLCcDLCdDLCdBD-RjULbeng aeng00222a362.104257bREF 200900aReforming China's rural health system /cAdam Wagstaff ... [et al.]. aWashington, DC :bWorld Bank,cc2009. axxi, 248 p. :bill. ;c23 cm. atextbtxt2rdacontent aunmediatedbn2rdamedia avolumebnc2rdacarrier1 aDirections in development aIncludes bibliographical references (p. 219-238) and index. 0aRural health serviceszChina. 0aHealth care reformzChina.12aRural Health ServiceszChina.22aDelivery of Health CarezChina.22aHealth Care ReformzChina.22aInsurance, HealthzChina.1 aWagstaff, Adam.2 aWorld Bank. 0aDirections in development (Washington, D.C.)